| 000 | 01268nam a2200337 i 4500 | ||
|---|---|---|---|
| 001 | 000044235 | ||
| 003 | DO-SdBNP | ||
| 005 | 20241127092020.0 | ||
| 006 | a||||gr|||| 00| 0 | ||
| 007 | ta | ||
| 008 | 140610e1971 dr ac 000 e spa d | ||
| 040 |
_aDO-SdBNP _bspa _cBNPHU |
||
| 041 | _aspa | ||
| 082 | 4 |
_a972.9301 _bP949c 1971 _222 |
|
| 100 | 1 |
_aPrieto, Joaquín R. _eautor _4autor _924913 |
|
| 245 | 1 | 0 |
_aCultura taína / _cJoaquín R. Prieto. |
| 250 | _aSegunda edición corregida y aumentada | ||
| 264 | 1 |
_aSanto Domingo : _b[editor no identificado] ; _c1971. |
|
| 300 |
_a260 páginas : _bIlustraciones, mapas, retratos ; _c20 cm. |
||
| 336 |
_atexto _btx _2rdacontent |
||
| 337 |
_asin mediación _bn _2rdamedia |
||
| 338 |
_avolumen _bnc _2rdacarrier |
||
| 500 | _aEstudio sobre prehistoria indigenista taína, en forma didáctica e ilustrada, como un aporte a la educación y a la cultura dominicana. | ||
| 590 | _aInventariado, 2024 / MF | ||
| 650 | 4 |
_aIndígenas de las antillas _xHistoria _944150 |
|
| 651 | 4 |
_aLa Españiola (Isla{Rpara} _xHistoria _972238 |
|
| 651 | 4 |
_aTaínos _xHistoria _972239 |
|
| 651 | 4 |
_aIsla Española (Haití y República Dominicana{Rpara} _xHistoria _938883 |
|
| 910 | _aValidado. Control de calidad MFF | ||
| 942 |
_2ddc _cLBS1 |
||
| 999 |
_c43724 _d43724 |
||